Анализ соединения разнородных материалов на деталях, подверженных циклическим нагрузкам в агрессивной среде; Современные проблемы машиностроения

Detaylı Bibliyografya
Parent link:Современные проблемы машиностроения.— 2024.— С. 308-309
Yazar: Расстальная Д. С.
Özet:Текстовый файл
Dil:Rusça
Baskı/Yayın Bilgisi: 2024
Konular:
Online Erişim:http://earchive.tpu.ru/handle/11683/85196
Materyal Türü: Elektronik Kitap Bölümü
KOHA link:https://koha.lib.tpu.ru/cgi-bin/koha/opac-detail.pl?biblionumber=679498

MARC

LEADER 00000naa2a2200000 4500
001 679498
005 20250411121756.0
090 |a 679498 
100 |a 20250403d2024 k||y0rusy50 ca 
101 0 |a rus 
102 |a RU 
135 |a drbn ---uucaa 
200 1 |a Анализ соединения разнородных материалов на деталях, подверженных циклическим нагрузкам в агрессивной среде  |f Расстальная Д. С. 
320 |a Список литературы: 4 назв 
336 |a Текстовый файл 
463 1 |0 679118  |9 679118  |t Современные проблемы машиностроения  |o сборник статей XVII Международной научно-технической конференции, г. Томск, 25–29 ноября 2024 г.  |f Национальный исследовательский Томский политехнический университет (ТПУ) ; ред. кол. А. И. Сечин, М. С. Кухта, Е. Н. Пашков [и др.]  |c Томск  |n Изд-во ТПУ  |d 2024  |u conference_tpu-2024-C45.pdf  |v С. 308-309 
545 1 |a Материаловедение и нанотехнологии в машиностроении  
610 1 |a труды учёных ТПУ 
610 1 |a электронный ресурс 
610 1 |a магистральные трубопроводы 
610 1 |a технологические трубопроводы 
610 1 |a сварные соединения 
610 1 |a аварийные разрушения 
610 1 |a электрохимическая коррозия 
700 1 |a Расстальная  |b Д. С. 
801 0 |a RU  |b 63413507  |c 20250403 
850 |a 63413507 
856 4 |u http://earchive.tpu.ru/handle/11683/85196  |z http://earchive.tpu.ru/handle/11683/85196 
942 |c CF